|
|
|
|
| LEADER |
00688nab a2200205 i 4500 |
| 001 |
misc7348 |
| 005 |
20191106144237.0 |
| 008 |
170607s1897 hu o 0|| hun d |
| 022 |
|
|
|a 0025-0260
|
| 040 |
|
|
|a SZTE Miscellanea Repozitórium
|b hun
|
| 041 |
|
|
|a hun
|
| 100 |
1 |
|
|a Waldapfel János
|
| 245 |
1 |
0 |
|a Vegyesek
|h [elektronikus dokumentum] /
|c Waldapfel János
|
| 260 |
|
|
|c 1897
|
| 300 |
|
|
|a 585-589
|
| 490 |
0 |
|
|a Magyar pedagógia : a Magyar Tudományos Akadémia Pedagógiai Bizottságának folyóirata
|v 6
|
| 695 |
|
|
|a Pedagógia 1897
|
| 700 |
0 |
1 |
|a Székely György
|e aut
|
| 700 |
0 |
1 |
|a Kemény Ferenc
|e aut
|
| 856 |
4 |
0 |
|u http://misc.bibl.u-szeged.hu/7348/1/mp_1897_585-589.pdf
|z Dokumentum-elérés
|